Buffalo Bills Trivia - Statistics

General Stats
  • This quiz has been taken 3,331 times
    384 since last reset
  • The average score is 8 of 14
Answer Stats
Hint Answer % Correct
Current starting quarterback Josh Allen
99%
Notorious running back who was the first person in NFL history to rush for 2,000 yards in a single season (1973) O.J. Simpson
86%
Player who led the NFL in rushing yards in 2025 James Cook
82%
Player who led the NFL in receiving yards in 2020 Stefon Diggs
82%
Quarterback who led the Bills to four straight Super Bowl appearances Jim Kelly
80%
The only city with an NFL team that has a smaller population than Buffalo Green Bay
73%
NFL record holder for career sacks Bruce Smith
56%
The NFL's third leading rusher of the 1990s, trailing only Emmitt Smith and Barry Sanders Thurman Thomas
53%
Bills all-time leader in receiving yards (1985–1999) Andre Reed
44%
Kicker who went missed "wide right" to lose Super XXV against the Giants Scott Norwood
39%
Coach of those Super Bowl teams Marv Levy
38%
Owner of the Bills from their founding in 1960 until 2014 Ralph Wilson
27%
Former Bills running back whose first name is a country in Asia {Taiwan} Jones
24%
Quarterback from the 1960s who was Bob Dole's running mate in 1996 Jack Kemp
23%
No matching quizzes found
Score Distribution
Percent of People with Each Score
Percentile by Number Answered
Your Score History
You have not taken this quiz since the last reset